| 000 | 00919nam a2200277 a 4500 | ||
|---|---|---|---|
| 001 | 33852 | ||
| 003 | BD-RjUL | ||
| 005 | 20211209052053.0 | ||
| 008 | 161212s1976 nyua b 001 0 eng d | ||
| 020 | _a0444414657 | ||
| 035 | _a(BD-RjUL)33944 | ||
| 040 |
_aDLC _cDLC _dDLC _dBD-RjUL _beng |
||
| 041 | _aeng | ||
| 082 | 0 | 0 |
_a300.15118 _bDOM 1976 _223 |
| 100 | 1 |
_aDoreian, Patrick. _9102807 |
|
| 245 | 1 | 0 |
_aModeling social processes / _cPatrick Doreian and Norman P. Hummon. |
| 260 |
_aNew York : _bElsevier, _c1976. |
||
| 300 |
_a172 p. : _bill. ; _c24 cm. |
||
| 490 | 1 |
_aProgress in mathematical social sciences ; _v v. 8 |
|
| 504 | _aIncludes bibliographical reference and index. | ||
| 650 | 0 |
_aSocial sciences _xMathematical models. _96879 |
|
| 700 | 1 |
_aHummon, Norman P., _d1944- _ejoint author. _9102808 |
|
| 830 | 1 |
_aProgress in mathematical social sciences ; _9171503 |
|
| 942 |
_2ddc _cBK |
||
| 999 |
_c33852 _d33852 |
||